000 00320nam a2200133Ia 4500
008 240624s9999 xx 000 0 und d
041 _aeng
082 _a658.15 MAD
100 _aMADDEN BARTLEY
245 _aCFROI VALUATION
260 _c1999
_aBurlington
_bButterworth-Heinemann
300 _a356 : p.
365 _c
_b30
999 _c28701
_d28701